Video Game Characters By Picture #1 - Statistics

General Stats
  • This quiz has been taken 520 times
    435 since last reset
  • The average score is 10 of 12
Answer Stats
Picture Answer % Correct
Sonic the Hedgehog
99%
Mario
98%
Donkey Kong
97%
Kirby
91%
Lara Croft
90%
Charizard
87%
Master Chief
87%
Princess Zelda
84%
Tetris Block
76%
Spyro
74%
Franklin
65%
Rayman
65%
No matching quizzes found
Score Distribution
Percent of People with Each Score
Percentile by Number Answered
Your Score History
You have not taken this quiz since the last reset